000 00988nam a22002415i 4500
001 164980
003 ES-MaACL
005 20250726220531.0
008 981123s1875 fr af |||| | fre d
040 _aCCPB | B
_bspa
_cCCPB | B
100 1 _aSchurè, Edouard.
_9219748
245 1 3 _aLe drame musical /
_cPar Edouard Schuré.
260 _aParis :
_bSandoz et Fischbacher, Editeurs,
_c1875.
300 _a2 v. ;
_c24 cm.
505 8 _aContiene : T. I. La musique et la poésie dans leur développement historique [6], XIII, 368 p., [1] h. de lám. -- T. II. Richard Wagner, son oeuvre et son idée [6], 426 [2] p., [2] h. de lám.
600 1 4 _aWagner, Richard,
_d1813-1883-
_xBiografías
_9115850
650 7 _aÓpera
_2embne
_915706
752 _aFrancia -
_dParís
852 _aES-MaACL
_jG-7806-7807
_z-- Enc. hol.
852 _aES-MaACL
_jD-4549-4550
_z-- Enc. hol.
_x-- Edic.: El imp. es: Imprimerie de E. Martinet
942 _2udc
999 _c164980
_d164980